Core concepts in engineering : (Record no. 3730)

MARC details
000 -LEADER
fixed length control field 00740nam a22002297a 4500
003 - CONTROL NUMBER IDENTIFIER
control field OSt
005 - DATE AND TIME OF LATEST TRANSACTION
control field 20250717025134.0
008 - FIXED-LENGTH DATA ELEMENTS--GENERAL INFORMATION
fixed length control field 250717b |||||||| |||| 00| 0 eng d
020 ## - INTERNATIONAL STANDARD BOOK NUMBER
International Standard Book Number 9781984688699
040 ## - CATALOGING SOURCE
Original cataloging agency DWC-Main Lib
Transcribing agency OC
082 ## - DEWEY DECIMAL CLASSIFICATION NUMBER
Classification number Circ. 624 Ar677c 2024
100 ## - MAIN ENTRY--PERSONAL NAME
Personal name Arduman, Eda
245 ## - TITLE STATEMENT
Title Core concepts in engineering :
Remainder of title civil engineering/
Statement of responsibility, etc. Eda Arduman
250 ## - EDITION STATEMENT
Edition statement 2nd edition
260 ## - PUBLICATION, DISTRIBUTION, ETC.
Place of publication, distribution, etc. New York :
Name of publisher, distributor, etc. 3G E- learning LLC,
Date of publication, distribution, etc. c2024.
300 ## - PHYSICAL DESCRIPTION
Extent ix, 268 pages :
Other physical details color illustrations ;
Dimensions 25cm.
504 ## - BIBLIOGRAPHY, ETC. NOTE
Bibliography, etc. note Includes bibliographical references.
650 ## - SUBJECT ADDED ENTRY--TOPICAL TERM
Topical term or geographic name entry element 1. Civil Engineering.
650 ## - SUBJECT ADDED ENTRY--TOPICAL TERM
Topical term or geographic name entry element 2. Engineering principles.
650 ## - SUBJECT ADDED ENTRY--TOPICAL TERM
Topical term or geographic name entry element 3. Structural engineering.
942 ## - ADDED ENTRY ELEMENTS (KOHA)
Source of classification or shelving scheme Dewey Decimal Classification
Koha item type Book Circulation
Edition 2nd edition
Call number prefix Circ.
Suppress in OPAC No
952 ## - LOCATION AND ITEM INFORMATION (KOHA)
--
Holdings
Withdrawn status Lost status Source of classification or shelving scheme Damaged status Not for loan Home library Current library Shelving location Date acquired Source of acquisition Total Checkouts Full call number Barcode Date last seen Copy number Price effective from Koha item type Uniform Resource Identifier
    Dewey Decimal Classification     College Library College Library Circulation 01/17/2025 School Fund   Circ. 624 Ar677c 2024 54293 07/17/2025 c1 07/17/2025 BK-CIRC